Z problematiky častíc

Bibliographic Details
Main Author: Navrátil, Ladislav, 1947-2011 (Author)
Format: Article
Language:Slovak
ISSN:1335-2040
Subjects:

MARC

LEADER 00000nab a2200000 a 4500
001 vtls009288165
003 SK-MaSNL
005 20260304164122.0
008 250507c2007 xo |||||| b ||00 b|slo
015 |a SNBRB2008/04  |2 snkbucl 
035 |a (uuid)9e01ba0c-a7cc-44be-a5e0-875d590f7ec4 
035 |a urn:nbn:sk:snk-ab12a4 
035 |a (urnnbn)urn:nbn:sk:snk:ar-a05145 
038 |a SNKBUCL 
040 |a SNKBUCL  |b slo  |c SNKBUCL  |e AACR2 
041 0 |a slo 
044 |a xo  |c SK 
080 |a 811.162.4`367.635  |2 1997 
080 |a 81`367.635:811.162.4  |2 1997 
080 |a 81`35:811.162.4  |2 1997 
080 |a 811.162.4`35  |2 1997 
100 1 |a Navrátil, Ladislav,  |d 1947-2011  |4 aut  |9 218439 
245 1 0 |a Z problematiky častíc  |c Ladislav Navrátil 
504 |a Bibliogr. odkazy 
650 0 7 |a slovenčina  |2 snkbucl  |9 1350 
650 0 7 |a slovné druhy  |2 snkbucl  |9 1321 
650 0 7 |a lexikálny význam  |2 snkbucl  |9 85416 
650 0 7 |a gramatický význam  |2 snkbucl  |9 119308 
650 0 7 |a častice  |2 snkbucl  |9 818587 
650 0 7 |a písanie čiarky  |2 snkbucl  |9 1360899 
773 0 |t Slovenský jazyk a literatúra v škole  |g Roč. 54, č. 3-4 (2007/2008), s. 94-102  |x 1335-2040 
850 |a Slovenská národná knižnica 
852 |a Slovenská národná knižnica 
954 |a odborná, vedecká literatúra pôvodná (slovenská)  |2 lita 
958 |a article27 
958 |a NB 
958 |a OND 
958 |a EUIPO 
999 |c 2979739  |d 2981669